000 00454cam a2200145 4500500
005 20260405003042.0
041 _afre
042 _adc
100 1 0 _aRontard, Yseult
_eauthor
245 0 0 _aNoces. Suivi de L’Été
260 _c2020.
500 _a71
786 0 _nPhilosophie magazine | 139 | 6 | 2020-06-01 | p. 55-55 | 1951-1787
856 4 1 _uhttps://shs.cairn.info/magazine-philosophie-magazine-2020-6-page-55?lang=fr&redirect-ssocas=7080
999 _c2063946
_d2063946